000 00463nmm a2200169Ia 4500
008 251105s9999||||xx |||||||||||||||||und||
020 _a9788488015433
041 _aspa
100 _aMaícas, Raúl Carlos
245 0 _aDías sin huella
264 _a[Madrid, España] :
_bCalambur,
_c1998
300 _a112 páginas
490 _aCalambur Narrativa
650 _aSpanish narrative
856 _uhttps://public.digitaliapublishing.com/a/67499
942 _cCF
999 _c87022
_d87022